Memorias de una masacre olvidada : (Registro nro. 4013)
[ vista simple ]
| 000 -LEADER | |
|---|---|
| fixed length control field | 01444nam a2200277Ia 4500 |
| 003 - CONTROL NUMBER IDENTIFIER | |
| control field | OSt |
| 005 - DATE AND TIME OF LATEST TRANSACTION | |
| control field | 20200910000409.0 |
| 008 - FIXED-LENGTH DATA ELEMENTS--GENERAL INFORMATION | |
| fixed length control field | 191128s2016 ck gr 000 0 spa d |
| 020 ## - INTERNATIONAL STANDARD BOOK NUMBER | |
| International Standard Book Number | 9789588944081 |
| 040 ## - CATALOGING SOURCE | |
| Original cataloging agency | CO-JMCR |
| Transcribing agency | CO-JMCR |
| 041 0# - LANGUAGE CODE | |
| Language code of text/sound track or separate title | spa |
| 082 04 - DEWEY DECIMAL CLASSIFICATION NUMBER | |
| Classification number | 364.1555 / |
| Item number | C397m |
| Edition number | 23 |
| 110 2# - MAIN ENTRY--CORPORATE NAME | |
| Corporate name or jurisdiction name as entry element | Centro de Memoria Histórica |
| 9 (RLIN) | 10121 |
| 245 10 - TITLE STATEMENT | |
| Title | Memorias de una masacre olvidada : |
| Remainder of title | los mineros de El Topacio, San Rafael (Antioquía), 1988 / |
| Statement of responsibility, etc. | Centro de Memoria Histórica ; fotografías, Juan Alberto Gómez Duque |
| 250 ## - EDITION STATEMENT | |
| Edition statement | Primera edición |
| 260 ## - PUBLICATION, DISTRIBUTION, ETC. | |
| Place of publication, distribution, etc. | Bogotá : |
| Name of publisher, distributor, etc. | Centro de Memoria Histórica, |
| Date of publication, distribution, etc. | 2016 |
| 300 ## - PHYSICAL DESCRIPTION | |
| Extent | 248 páginas : |
| Other physical details | algunas fotografías a color ; |
| Dimensions | 23 cm. |
| 500 ## - GENERAL NOTE | |
| General note | "Informe del Centro Nacional de Memoria Histórica."--tapa |
| 504 ## - BIBLIOGRAPHY, ETC. NOTE | |
| Bibliography, etc. note | Bibliografía: páginas 239-248 |
| 505 0# - FORMATTED CONTENTS NOTE | |
| Formatted contents note | Memorias de la masacre -- El contexto -- Memoria de los daños, pérdidas y respuestas -- Justicia e impunidad en el caso de la masacre de Topacio -- Conclusiones y recomendaciones |
| 520 3# - SUMMARY, ETC. | |
| Summary, etc. | En el año de 1988 Colombia sufrió algunas de las masacres más atroces y recordadas: Honduras y la Negra. Mejor Esquina, Coquitos, Segovia… De 19 masacres registradas en 1987, se pasó a 64 en ese 1988. |
| 650 14 - SUBJECT ADDED ENTRY--TOPICAL TERM | |
| Topical term or geographic name entry element | Masacres |
| General subdivision | historia |
| Geographic subdivision | El Topacio (Antioquia) |
| 9 (RLIN) | 10122 |
| 650 14 - SUBJECT ADDED ENTRY--TOPICAL TERM | |
| Topical term or geographic name entry element | Masacres |
| General subdivision | historia |
| Geographic subdivision | San Rafael (Antioquia) |
| 9 (RLIN) | 10123 |
| 700 1# - ADDED ENTRY--PERSONAL NAME | |
| Personal name | Gómez Duque, Juan Alberto, |
| Relator term | fotógrafo |
| 9 (RLIN) | 10124 |
| 942 ## - ADDED ENTRY ELEMENTS (KOHA) | |
| Source of classification or shelving scheme | Dewey Decimal Classification |
| Koha item type | Books |
| Withdrawn status | Lost status | Source of classification or shelving scheme | Damaged status | Not for loan | Collection code | Home library | Current library | Date acquired | Source of acquisition | Total Checkouts | Full call number | Barcode | Date last seen | Date last checked out | Copy number | Koha item type |
|---|---|---|---|---|---|---|---|---|---|---|---|---|---|---|---|---|
| Dewey Decimal Classification | Non-fiction | Biblioteca Pública José María del Castillo y Rada | Biblioteca Pública José María del Castillo y Rada | 04/10/2018 | Donación | 1 | 364.1555 / C397m | 201808806 | 11/26/2024 | 11/25/2024 | Ej.1 | Books |